[Event "Hessen-ch Gr-D 65th"]
[Site "Gladenbach"]
[Date "2011.04.24"]
[Round "5"]
[White "Struth, Juergen"]
[Black "Hagenberg, Hans Joachim"]
[Result "0-1"]
[WhiteElo "1653"]
[BlackElo "1637"]
[PlyCount "66"]
[EventDate "2011.04.22"]
[EventType "swiss"]
[EventRounds "5"]
[EventCountry "GER"]
[SourceTitle "CBM 142 Extra"]
[Source "ChessBase"]
[SourceDate "2011.06.27"]
[SourceVersion "1"]
[SourceVersionDate "2011.06.27"]
[SourceQuality "1"]

1. e4 c6 2. d4 d5 3. exd5 Qxd5 4. Nf3 Bg4 5. Be2 e6 6. c4 Bb4+ 7. Nc3 Qa5 8. Bd2 Nf6 9. 0-0 Nbd7 10. a3 Bxc3 11. Bxc3 Qc7 12. b4 a6 13. Re1 0-0 14. h3 Bh5 15. Bb2 Rfe8 16. Ne5 Nxe5 17. dxe5 Rad8 18. Qb3 Bxe2 19. Rxe2 Nd7 20. c5 Nf8 21. Qg3 Rd5 22. Rae1 Red8 23. Bc1 Rd1 24. Bg5 R8d3 25. Qg4 Ng6 26. f4 Rd4 27. Rxd1 Rxd1+ 28. Kf2 Rd4 29. Qf3 h6 30. Qe3 Rd5 31. f5 Rxe5 32. Qd2 Rxf5+ 33. Ke1 Qg3+ 0-1

[Event "Hessen-ch Gr-D 64th"]
[Site "Bad Vilbel"]
[Date "2010.04.03"]
[Round "4"]
[White "Struth, Juergen"]
[Black "Krischak, Werner"]
[Result "0-1"]
[WhiteElo "1625"]
[BlackElo "1827"]
[PlyCount "82"]
[EventDate "2010.03.31"]
[EventType "swiss"]
[EventRounds "5"]
[EventCountry "GER"]
[SourceTitle "EXT 2011"]
[Source "ChessBase"]
[SourceDate "2010.11.26"]
[SourceVersion "1"]
[SourceVersionDate "2010.11.26"]
[SourceQuality "1"]

1. e4 c6 2. d4 d5 3. exd5 cxd5 4. Bd3 Nc6 5. c3 Nf6 6. Bf4 e6 7. Nf3 Bd6 8. Ne5 Qc7 9. Qe2 0-0 10. 0-0 b6 11. Nd2 Bb7 12. Ndf3 Ne7 13. Qc2 Ng6 14. Nxg6 hxg6 15. Bxd6 Qxd6 16. Ne5 Rac8 17. Rfe1 Rc7 18. Re3 Rfc8 19. Rae1 Re8 20. Rh3 Ne4 21. f3 Nf6 22. Qd2 Qd8 23. Qf4 Nh7 24. Rg3 g5 25. Bxh7+ Kxh7 26. Rxg5 f6 27. Rh5+ Kg8 28. Ng6 Kf7 29. Nh4 Bc8 30. Qg3 Rg8 31. Qg6+ Ke7 32. Rh7 Kd6 33. Qg3+ Kc6 34. Ng6 Qe8 35. Nf4 Re7 36. Nh5 Qf8 37. b3 e5 38. dxe5 Bf5 39. Nxf6 gxf6 40. Qf4 Bxh7 41. Qa4+ Kb7 0-1

[Event "Hessen-chB"]
[Site "Marburg"]
[Date "2006.04.13"]
[Round "2.21"]
[White "Klettke, Wolfgang"]
[Black "Struth, Juergen"]
[Result "1-0"]
[WhiteElo "2104"]
[BlackElo "1642"]
[PlyCount "91"]
[EventDate "2006.04.13"]
[EventType "swiss"]
[EventRounds "7"]
[EventCountry "GER"]
[SourceTitle "EXT 2007"]
[Source "ChessBase"]
[SourceDate "2006.11.23"]
[SourceVersion "1"]
[SourceVersionDate "2006.11.23"]
[SourceQuality "1"]

1. e4 e5 2. Nf3 Nc6 3. Bb5 Bc5 4. c3 f5 5. 0-0 fxe4 6. Bxc6 dxc6 7. Nxe5 Nf6 8. d4 exd3 9. Nxd3 Be7 10. Bg5 0-0 11. Na3 Be6 12. Qe2 Bf7 13. Rad1 Bh5 14. f3 Nd5 15. Bxe7 Qxe7 16. Rfe1 Qxe2 17. Rxe2 Rad8 18. Nc5 Nf4 19. Red2 Rxd2 20. Rxd2 b5 21. Nc2 Bg6 22. Nd4 Rf6 23. g3 Nd5 24. Nxc6 Rxc6 25. Rxd5 Rd6 26. Rxd6 cxd6 27. Nb7 d5 28. Kf2 Kf8 29. Ke3 Ke7 30. Kd4 Ke6 31. Nc5+ Kd6 32. Nd3 a5 33. a3 Bh5 34. g4 Bg6 35. Nf4 Bf7 36. h4 h6 37. b4 a4 38. g5 hxg5 39. hxg5 g6 40. Ng2 Be6 41. Nh4 Bf7 42. f4 Be8 43. f5 gxf5 44. Nxf5+ Kc6 45. g6 Bd7 46. g7 1-0

[Event "Hessen-chB"]
[Site "Marburg"]
[Date "2006.04.13"]
[Round "1.12"]
[White "Struth, Juergen"]
[Black "Kuhn, Gerhard"]
[Result "1/2-1/2"]
[WhiteElo "1642"]
[BlackElo "2085"]
[PlyCount "65"]
[EventDate "2006.04.13"]
[EventType "swiss"]
[EventRounds "7"]
[EventCountry "GER"]
[SourceTitle "EXT 2007"]
[Source "ChessBase"]
[SourceDate "2006.11.23"]
[SourceVersion "1"]
[SourceVersionDate "2006.11.23"]
[SourceQuality "1"]

1. e4 c6 2. d4 d5 3. exd5 cxd5 4. Bd3 Nc6 5. c3 Qc7 6. Nf3 Bg4 7. Be3 Nf6 8. Nbd2 e6 9. h3 Bh5 10. 0-0 Bg6 11. Qe2 Bd6 12. Rfe1 Ne7 13. Bg5 a6 14. Ne5 Bxd3 15. Qxd3 Ng6 16. Ndf3 Ne4 17. Qe3 Nxe5 18. Nxe5 Bxe5 19. dxe5 Qxe5 20. Bf4 Qf5 21. f3 Nf6 22. Bd6 Nd7 23. Qd4 Qf6 24. Qxd5 Ra7 25. Qc4 Ra8 26. Re4 h5 27. Qc7 b6 28. Rae1 Rh6 29. Qc6 Qd8 30. Qc4 Qf6 31. Qc6 Qd8 32. Qc4 Qf6 33. Qc6 1/2-1/2